00221nam a2200097Ia 4500008004100000041000800041082001200049100001600061245001700077260002900094231212s1976 xx 000 0 und d aeng a621.384 aRamamrutham aSteel Tables aNew DelhibNew Heic1976